书目信息 |
| 题名: |
铭记
|
|
| 作者: | 梁晓涛 主编 ;中央电视台 编 | |
| 分册: | ||
| 出版信息: | 北京 中国言实出版社 2009.05 |
|
| 页数: | [12], 299页, [8]叶图版 | |
| 开本: | 26cm | |
| 丛书名: | ||
| 单 册: | ||
| 中图分类: | D632.5 , I253 | |
| 科图分类: | ||
| 主题词: | 新闻报道--xin wen bao dao--中国--当代--选集 , 抗震救灾--kang zhen jiu zai--四川省--汶川县--2008 | |
| 电子资源: | ||
| ISBN: | 978-7-80250-261-1 | |
| 000 | 01001nam0 2200289 450 | |
| 001 | CAL 012009107767 | |
| 005 | 20111230145429.39 | |
| 010 | @a978-7-80250-261-1@dCNY38.80 | |
| 099 | @aCAL 012009107767 | |
| 100 | @a20090513d2009 ekmy0chiy0121 ea | |
| 101 | 0 | @achi |
| 102 | @aCN@b110000 | |
| 105 | @aafk z 000zy | |
| 200 | 1 | @a铭记@Aming ji@e5·12 汶川大地震口述历史@f中央电视台新闻专题部编 |
| 210 | @a北京@c中国言实出版社@d2009.05 | |
| 215 | @a[12], 299页, [8]叶图版@c图@d26cm | |
| 314 | @a本书由梁晓涛主编 | |
| 517 | 1 | @a512汶川大地震口述历史@A512 wen chuan da di zhen kou shu li shi |
| 606 | 0 | @a新闻报道@Axin wen bao dao@y中国@z当代@j选集 |
| 606 | 0 | @a抗震救灾@Akang zhen jiu zai@y四川省@y汶川县@z2008 |
| 690 | @aD632.5@v4 | |
| 690 | @aI253@v4 | |
| 701 | 0 | @a梁晓涛@Aliang xiao tao@4主编 |
| 712 | 02 | @a中央电视台@Azhong yang dian shi tai@b新闻专题部@Bxin wen zhuan ti bu@4编 |
| 801 | 0 | @aCN@b北京图书大厦有限责任公司@c20111230 |
| 905 | @aZUCC@dI253@eZ7112@f4 | |
| 998 | @aTSU | |
| 铭记:5·12 汶川大地震口述历史/中央电视台新闻专题部编.-北京:中国言实出版社,2009.05 |
| [12], 299页, [8]叶图版:图;26cm |
| ISBN 978-7-80250-261-1:CNY38.80 |
| ● |
| 相关链接 |
|
|
|
正题名:铭记
索取号:I253/Z7112
 
预约/预借
| 序号 | 登录号 | 条形码 | 馆藏地/架位号 | 状态 | 备注 |
| 1 | 1190365 | 211903653 | 文学库108/108文学库 67排6列5层/ [索取号:I253/Z7112] | 在馆 | |
| 2 | 1190366 | 211903662 | 文学库108/108文学库 67排6列5层/ [索取号:I253/Z7112] | 在馆 | |
| 3 | 1190367 | 211903671 | 社科二线400B/400B社科库 14排4列3层/ [索取号:I253/Z7112] | 在馆 | |
| 4 | 1190368 | 211903680 | 文学库108/108文学库 67排6列5层/ [索取号:I253/Z7112] | 在馆 |